Διερεύνηση των αντιλήψεων των μαθητών της Γ' και ΣΤ' δημοτικού για το ηλιακό σύστημα : διπλωματική εργασία [πτυχιακή εργασία]

Αποθηκεύτηκε σε:
Λεπτομέρειες βιβλιογραφικής εγγραφής
Κύριος συγγραφέας: Σωτηρίου, Παναγιώτα
Συγγραφή απο Οργανισμό/Αρχή: Πανεπιστήμιο Αιγαίου Σχολή Ανθρωπιστικών Επιστημών Παιδαγωγικό Τμήμα Δημοτικής Εκπαίδευσης
Μορφή: Thesis Βιβλίο
Γλώσσα:Greek
Δημοσίευση: 2015.
Θέματα:
Διαθέσιμο Online:http://hdl.handle.net/11610/15646
Ετικέτες: Προσθήκη ετικέτας
Δεν υπάρχουν, Καταχωρήστε ετικέτα πρώτοι!

MARC

LEADER 00000cam a2200000 a 4500
001 1/109588
008 150115s2015####gr | ||| |||| ||gre||
040 |a GR-MyUa  |b gre  |c GR-MyUa  |e AACR2 
041 0 |a gre 
082 7 |a 372.89   |2 (23) 
100 1 |a Σωτηρίου, Παναγιώτα. 
245 1 0 |a Διερεύνηση των αντιλήψεων των μαθητών της Γ' και ΣΤ' δημοτικού για το ηλιακό σύστημα :   |b διπλωματική εργασία [πτυχιακή εργασία] /   |c Σωτηρίου Παναγιώτα ; επιβλέπων καθηγητής Σκουμνιός Μιχαήλ.  
260 |c 2015.  
300 |a 87 σ. :   |b πίν. ;   |c 30 εκ.  
502 |a Πτυχιακή εργασία – Πανεπιστήμιο Αιγαίου, Ρόδος, 2015. 
504 |a Βιβλιογραφία: σ. 79-84.  
506 0 |a Πλήρες κείμενο - Ελεύθερη δημοσίευση.  
650 0 |a Geography  |x Study and teaching (Primary) 
650 0 |a Astrophysics  |x Study and teaching. 
650 0 |a Solar system. 
650 0 |a Students  |x Attitudes. 
700 0 |a Σκουμιός, Μιχαήλ,  |e dgs 
710 2 |a Πανεπιστήμιο Αιγαίου  |b Σχολή Ανθρωπιστικών Επιστημών  |b Παιδαγωγικό Τμήμα Δημοτικής Εκπαίδευσης. 
852 |a INST  |b RHODES  |c DIATR  |e 20160115  |h 372.89 ΣΩΤ  |p 005400038181  |q 005400038181  |t DIE  |y 23 
856 |u http://hdl.handle.net/11610/15646 
924 |a Σωτηρίου   |b Παναγιώτα   |y Ρόδος  |z 2015-08  
970 |z 15-01-2016